|
|
|
|
| LEADER |
00000nam0a2200000 4500 |
| 001 |
151608 |
| 005 |
20231101221555.0 |
| 010 |
|
|
|a 9785238015972
|
| 035 |
|
|
|a (RuTPU)RU\TPU\book\164376
|
| 090 |
|
|
|a 151608
|
| 100 |
|
|
|a 20090126d2008 k y0rusy50 ca
|
| 101 |
0 |
|
|a rus
|
| 102 |
|
|
|a RU
|
| 105 |
|
|
|a y z 001zy
|
| 200 |
1 |
|
|a Исследование экономической эволюции института власти-собственности
|e монография
|f И. В. Бережной, В. В. Вольчик
|
| 210 |
|
|
|a Москва
|c ЮНИТИ
|c Закон и право
|d 2008
|
| 215 |
|
|
|a 239 с.
|
| 320 |
|
|
|a Библиогр.: с. 219-237.
|
| 330 |
|
|
|a Монография посвящена исследованию института власти-собственности сквозь призму неоэволюционной теории и в контексте проблемы институциональных изменений в экономике. Особое внимание уделяется методологии исследования институциональной трансформации экономики. Объясняются причины стабильного существования и функционирования сравнительно неэффективного института власти-собственности, приводятся исторические примеры. Эволюция российского института собственности воспроизводит власть-собственность, которая наблюдается на всех этапах российской истории. Рассматриваются многочисленные попытки реформ, направленные на изменение ситуации, при которой доминируют институты условной собственности, анализируются эволюционные механизмы, которые не позволяли свернуть с пути развития, что неоднократно приводило к эффекту блокировки, закрепляющему неэффективные институциональные ограничения. Для специалистов в области социальных наук, преподавателей, научных работников, студентов и аспирантов, а также читателей, интересующихся политологией и экономической теорией.
|
| 606 |
1 |
|
|a Экономическая теория
|2 stltpush
|3 (RuTPU)RU\TPU\subj\26589
|9 50481
|
| 610 |
1 |
|
|a экономика
|
| 610 |
1 |
|
|a власть
|
| 610 |
1 |
|
|a собственность
|
| 610 |
1 |
|
|a экономическая эволюция
|
| 610 |
1 |
|
|a методология
|
| 610 |
1 |
|
|a институциональные изменения
|
| 686 |
|
|
|a У011
|v LBC/SL-A
|2 rubbk
|
| 700 |
|
1 |
|a Бережной
|b И. В.
|g Игорь Владимирович
|
| 701 |
|
1 |
|a Вольчик
|b В. В.
|g Вячеслав Витальевич
|
| 801 |
|
1 |
|a RU
|b 63413507
|c 20090126
|g PSBO
|
| 801 |
|
2 |
|a RU
|b 63413507
|c 20120229
|g PSBO
|
| 942 |
|
|
|c BK
|
| 959 |
|
|
|a 11/20090126
|d 1
|e 450,00
|f ЧЗГЛ:1
|